00685nam a2200241 a 4500001001300000003000900013005001700022008004100039020002300080082001800103100002000121245002200141260003200163300000900195500003500204505001700239650001600256700002000272902000800292942000700300952011900307999001700426nice12345678IN_TiNIC20260116013255.0050524s1995 dela grp 000 0 urd  a8171677 c39500a891.4391bANI aAnisur Rahman,  aFire and the Rose aDelhi bRupa and Co. c1995 a353p aincludes index and biblioraphy2 aBibliography aUrdu-Poetry1 aAnisur Rahman,  bSRS cBK 001040708StackRoom-aHMIbHMId2007-06-22g395.00l0o891.4391 ANIp017429r2007-06-22v395.00w2005-05-24yBK c10358d10358